000 01574nam a2200409 i 4500
001 148679
003 FlNmELB
005 20241217182339.0
006 m o d |
007 cr cnu||||||||
008 141113s2006 cl o 001 0 spa d
020 _z9789562845045
020 _a9781413558548 (e-book)
035 _a(MiAaPQ)EBC3224846
035 _a(Au-PeEL)EBL3224846
035 _a(CaPaEBR)ebr10933841
035 _a(OCoLC)991925065
040 _aFINmELB
_bspa
_erda
_cFINmELB
050 4 _aN6502
_bA786 2006
080 _a7
082 0 _a709.8
_223
245 0 0 _aArte americano :
_bcontextos y formas de ver: Terceras Jornadas de Historia del Arte /
_cJuan Manuel Martínez Silva, editor.
264 1 _aSantiago de Chile :
_bRIL editores,
_c[2006]
300 _a1 recurso en línea (350 páginas)
336 _atexto
_btxt
_2rdacontent/spa
337 _acomputadora
_bc
_2rdamedia/spa
338 _arecurso en línea
_bcr
_2rdacarrier/spa
500 _aContiene índice.
588 _aDescripción basada en recurso en línea; Título de la página del título en PDF (e-libro, visto November 13, 2014).
590 _aRecurso electrónico. Santa Fe, Arg.: e-libro, 2015. Disponible vía World Wide Web. El acceso puede estar limitado para las bibliotecas afiliadas a e-libro.
650 0 _aArt, Latin American.
650 4 _aArte latinoamericano.
655 4 _aLibros electrónicos.
700 1 _aMartínez Silva, Juan Manuel,
_eeditor.
797 2 _ae-libro, Corp.
856 4 0 _uhttps://elibro.net/ereader/politecnicointernacional/67973
999 _c148679
_d148679